El principio de audiencia. Evolucin̤ e influencia en el Proceso Civil

Detalles Bibliográficos
Autor principal: Alfaro Valverde, Luis Genaro
Formato: eBook
Lenguaje:español
Publicado: Barcelona Bosch Editor 2014
Materias:
Acceso en línea:Acceso restringido

MARC

LEADER 00000nam a22000007a 4500
005 20150930102633.0
007 cr|||| ||u|
008 150930s2014 sp |||||s|||| 00| 0 spa d
020 |a 978-84-942709-0-1 
035 |a 12860 
040 |a vLex  
090 |c 5566  |d 5566 
100 1 |a Alfaro Valverde, Luis Genaro 
245 1 3 |a El principio de audiencia. Evolucin̤ e influencia en el Proceso Civil  |h [Recurso electrn̤ico]  |c Luis Genaro Alfaro Valverde  
256 |a Servicio en ln̕ea 
260 |a Barcelona  |b Bosch Editor  |c 2014 
300 |a 1 recurso electrn̤ico 
500 |a En esta obra se analiza de forma crt̕ica el Principio de Audiencia desde un enfoque histr̤ico, dogmt̀ico y comparativo. Se estudia su evolucin̤ en el proceso civil, que se inicia con un significado limitado a la informacin̤- reaccin̤ (concepcin̤ formal) de la actividad de las partes-, hasta un sentido actual en el que se permite su participacin̤ activa y previa en la formacin̤ de las decisiones judiciales (concepcin̤ sustancial). Se demuestra que este progreso conceptual, acorde al modelo constitucional del proceso, no es un mero postulado ter̤ico ms̀, sino que ha sido adoptado por las Constituciones de diversos Estados modernos. Lo que a su vez se refleja en las instituciones y reglas de diversas Leyes de Juzgamiento Civil. Tendencia que se verifica en las l︢timas interpretaciones realizadas por los principales y ms̀ prestigiosos Tribunales de Justicia Civil y Constitucional de Europa (Espaą, Francia, Italia y Alemania). 
506 1 |a Contenido solo disponible en los productos indicados  |d vLex Global  |d vLex Global (Academic Edition, excluding Law Schools)  |d vLex Global (U.S. Academic Edition, excluding Law Schools)  |d vLex Global (Academic Edition, Law Schools)  |d vLex Global (U.S. Academic Edition, Law Schools) 
650 0 4 |a Derecho  |z Barcelona 
740 0 |a vLex Libros (servicio en ln̕ea) 
856 4 0 |u http://vlex.com/source/principio-de-audiencia-evolucion-e-influencia-en-el-proceso-civil-12860  |z Acceso restringido 
942 |c BOOK 
999 0 |a Law